000
00313nam a2200145Ia 4500
100
_a
Hall/Patrick
650
_a
English
942
_c
BK
654
_a
programming
245
_a
Programming for education
260
_b
Sunshine Books
_a
London
_c
38
082
_a
1.642
_b
HALL
300
_a
209
546
_a
ENGLISH
999
_c
33244
_d
33244